000
00266nam a22001097a 4500
008
170125b xxu||||| |||| 00| 0 eng d
020
_a
9780073545615
041
_a
eng
080
_2
7TH
_a
61
245
_a
TAKING SIDES/ HEALTH AND SOCIETY
_c
DANIEL, E.L
942
_2
udc
_c
BK
999
_c
3673
_d
3673